000 00376nam a2200145Ia 4500
008 231129s1999||||xx |||||||||||||| ||spa||
020 _a950-739-679-9
040 _bspa
082 _a(i) 923.9 Q8t
100 _aTello Nerio
245 0 _aQuiroga para jóvenes principiantes
260 _c1999
264 _aErrepar
942 _2ddc
_cBKS
999 _c23677
_d23677